|
|
|
|
| LEADER |
00000nam0a2200000 4500 |
| 001 |
187399 |
| 005 |
20231101224049.0 |
| 010 |
|
|
|a 9785930937015
|
| 035 |
|
|
|a (RuTPU)RU\TPU\book\203354
|
| 090 |
|
|
|a 187399
|
| 100 |
|
|
|a 20101115d2010 m y0rusy50 ca
|
| 101 |
0 |
|
|a rus
|
| 102 |
|
|
|a RU
|
| 105 |
|
|
|a a j 000zy
|
| 200 |
1 |
|
|a Задачник по химии с ответами и решениями ко многим вопросам и задачам
|e учебное пособие
|f А. А. Корытин, Е. М. Мясоедов, Т. Г. Бельцова
|g под ред. В. И. Сидорова
|
| 210 |
|
|
|a Москва
|c Изд-во АСВ
|d 2010
|
| 215 |
|
|
|a 168 с.
|c ил.
|
| 330 |
|
|
|a Учебное пособие поможет студентам использовать теоретические знания в решении практических задач химии и лучше усвоить основы курса «Химии». Пособие предназначено для студентов 1 курса всех строительных специальностей.
|
| 606 |
1 |
|
|a Химия
|2 stltpush
|3 (RuTPU)RU\TPU\subj\17362
|9 43035
|
| 610 |
1 |
|
|a задачи
|
| 610 |
1 |
|
|a ответы
|
| 610 |
1 |
|
|a решения
|
| 610 |
1 |
|
|a неорганические вещества
|
| 610 |
1 |
|
|a химические элементы
|
| 610 |
1 |
|
|a химическая кинетика
|
| 610 |
1 |
|
|a химическое равновесие
|
| 610 |
1 |
|
|a химические растворы
|
| 610 |
1 |
|
|a электролиты
|
| 610 |
1 |
|
|a диссоциация
|
| 610 |
1 |
|
|a вода
|
| 610 |
1 |
|
|a соли
|
| 610 |
1 |
|
|a гидролиз
|
| 610 |
1 |
|
|a дисперсные тела
|
| 610 |
1 |
|
|a дисперсное состояние
|
| 610 |
1 |
|
|a жесткость
|
| 610 |
1 |
|
|a окислительно-восстановительные реакции
|
| 610 |
1 |
|
|a металлы
|
| 610 |
1 |
|
|a электрохимия
|
| 610 |
1 |
|
|a коррозия
|
| 610 |
1 |
|
|a органическая химия
|
| 610 |
1 |
|
|a полимеры
|
| 610 |
1 |
|
|a учебные пособия
|
| 675 |
|
|
|a 54(076)
|v 3
|
| 700 |
|
1 |
|a Корытин
|b А. А.
|g Александр Анатольевич
|
| 701 |
|
1 |
|a Мясоедов
|b Е. М.
|g Евгений Михайлович
|
| 701 |
|
1 |
|a Бельцова
|b Т. Г.
|g Татьяна Георгиевна
|
| 702 |
|
1 |
|a Сидоров
|b В. И.
|4 340
|
| 801 |
|
1 |
|a RU
|b 63413507
|c 20101115
|
| 801 |
|
2 |
|a RU
|b 63413507
|c 20150521
|g RCR
|
| 942 |
|
|
|c BK
|